000 00522nam a22001697a 4500
003 PILC
005 20150112093445.0
008 130214t xxu||||| |||| 00| 0 eng d
020 _a971111089X
050 _aKPM 1744
_b.Si623 2001
082 _aFil 344.599
_bSi8 2000 pages :4
100 _aSison, Carmelo V.
_922809
245 _aTeaching the 1987 constitution :
_cCarmelo V. Sison
_bpart IV values, principles and policies
260 _aQuezon City
_bJMC Press
_c2001.
300 _a34 pages :
_c22 cm.
942 _2lcc
_cBK
999 _c14882
_d14882